000 00846cad a22002055a 4500
001 E154420
008 111129e20111129xxk 000 0 eng d
035 _a(Sirsi) u154420
041 0 _aeng
110 2 _aScotland
_bScottish Government
_95344
245 0 0 _aHousing statistics for Scotland
_h[electronic resource]
260 _c2011
490 _aScottish Government News Release
_v29 November 2011
520 _aNew housing statistics published today provide information on levels of new house building in the public and private sector, as well as local authority house sales.
590 _aKA
651 4 _aScotland
_y1999-
690 _aPROPERTY-RESIDENTIAL PROPERTY-DOMESTIC RESIDENTIAL PROPERTY-HOUSING
856 4 0 _uhttps://www.scotland.gov.uk/News/Releases/2011/11/29111433
_zView the news release at www.scotland.gov.uk
942 _n0
999 _c83608
_d83608